Statistics for Immigration To Canada 2017 by Country of Origin

Click here to take the quiz!

General Stats

  • This quiz has been taken 87 times
  • The average score is 21 of 30

Answer Stats

Hint Answer % Correct
9,100United States
97%
5,295United Kingdom
96%
3,135Mexico
96%
31,580China
95%
51,650India
92%
2,295Russia
87%
7,655Pakistan
85%
6,600France
85%
2,760Brazil
82%
4,735Iran
81%
3,975South Korea
81%
40,855Philippines
78%
4,740Iraq
78%
3,185Bangladesh
78%
12,045Syria
76%
1,965Ireland
74%
2,505Vietnam
71%
2,330Haiti
64%
2,230Colombia
63%
2,865Egypt
62%
5,460Nigeria
62%
3,305Ukraine
59%
2,635Algeria
58%
3,440Afghanistan
56%
3,830Jamaica
53%
2,270Morocco
51%
2,150Sri Lanka
49%
2,400D.R. Congo
36%
2,285Cameroon
13%
4,680Eritrea
6%

Score Distribution

Percentile by Number Answered

Percent of People with Each Score

Your Score History

You have not taken this quiz